00903nam a22002537a 45000010005000000030006000050050017000110080041000280200018000690400030000870500011001170820008001281000015001362450080001512500028002312600050002593000059003095050008003685200170003765210020005465210020005666000030005867000033006163043FISKH20260325114457.0240131b cb ||||| |||| 00| 0 eng d a9781407189314 aFISKH bengcFISKHdFISKH a823.92 aPZ7 aAdam, Emma aUnicorn and the rainbow poopcby Adams, Emma : illustrated by Halford, Katy aFirst published in 2018 aLondon :bScholastic Children's Books, c2018 a24 unnumbered pages :bcolor illustrations ;c28 cm .  aP  aUnicorn is just like every other unicorn out there. Except for... her rainbow poop! A story about friendship, acceptance and believing in yourself... no matter what.8 a650 bLexile 8 aP bRaz-Plus  2unicornvJuvenile fiction aHalford, Katy eillustrator